Stephen King Novels and Stories by Picture - Statistics

General Stats
  • This quiz has been taken 103 times
  • The average score is 14 of 19
Answer Stats
Picture Answer % Correct
It
100%
Carrie
97%
The Shining
97%
Cujo
93%
The Green Mile
92%
Rita Hayworth and Shawshank Redemption
91%
Misery
84%
Pet Sematary
83%
The Body
79%
The Stand
78%
Christine
73%
The Dark Tower
71%
'Salem's Lot
63%
Firestarter
62%
The Mist
59%
The Running Man
56%
Needful Things
40%
Apt Pupil
33%
Thinner
29%
No matching quizzes found
Score Distribution
Percent of People with Each Score
Percentile by Number Answered
Your Score History
You have not taken this quiz